000 03055cam a22001934a 4500
005 20250605164223.0
008 250528s ||||||||||||||||||||||||d
035 _a20744
020 _a9603515876
040 _aGR-AtMCL
_bgre
_dGR-AtMCL
_eAACR2
245 1 _aΜεθοδολογία, Τεχνικές και Θεωρία για Οικονομοτεχνικές Μελέτες / Μελέτες Σκοπιμότητας - Επιχειρηματικά Σχέδια - Μελέτες Περιβαλλοντικών Επιπτώσεων - Μελέτες Εντοπισμού Επενδυτικών Ευκαιριών
260 _bΣταμούλης Α,
_c2006
300 _a1000
520 _aΤο παρόν βιβλίο παρέχει άμεση πρόσβαση στη σύγχρονη μεθοδολογία και τις τεχνικές εκπόνησης οικονομοτεχνικών μελετών, αποσκοπώντας στη βήμα προς βήμα καθοδήγηση ακόμα και των μη καταρτισμένων στα οικονομικά (τεχνικοί, πολιτικοί, νομικοί, μηχανικοί) σε σωστά συμπεράσματα και σε συγκεκριμένες ενέργειες σε όλα τα στάδια εκπόνησης τους. Πρόλογος, Οικονομοτεχνικές Μελέτες, Επιχειρηματικότητα και Νέες Επιχειρηματικές Δραστηριότητες, Ορισμοί, Η Επενδυτική Αλυσίδα και ο Τύποι των Προεπενδυτκών Μελετών, Βασικά Θέματα Προεπενδυτκών Μελετών, Οι Εναλλακτικές Λύσεις, Η Εκπόνηση των Μελετών, Επενδυτικά Σχέδια Αποκαταστάσεως και Επεκτάσεως και Αντικαταστάσεως, Επιχειρηματικά Σχέδια, Η Επενδυτική Αλυσίδα και οι Τύποι των Προεπενδυτικών Μελετών, Βασικά Θέματα Προεπενδυτκών Μελετών, Οι Εναλλακτικές Λύσεις, Η Εκπόνησης των Μελετών, Επενδυτικά Σχέδια Αποκαταστάσεως και Επεκτάσεως και Αντικαταστάσεως, Επιχειρηματικά Σχέδια, Οικονομοτεχνικές Μελέτες και Πληροφορική, Πηγές Πληροφοριών για Οικονομοτεχνικές Μελέτες, Μερικές Βασικές Οδηγίες για τη Συγγραφή και Παρουσίαση μιας Μελέτης, Η Μελέτη Σκοπιμότητας, Πρώτες Ύλες και άλλα Εφόδια, Μηχανολογικά και Τεχνολογία, Οι Ανθρώπινοι Πόροι, Προτεινόμενη Βιβλιογραφία, Παράρτημα.
700 1 _aΚαρβούνης Σωτήρης
_92938
942 _cBK
999 _c5828
_d5828